[Event "Grand Swiss "]
[Date "2025.09.05"]
[White "Gukesh D"]
[Black "Erdogmus, Yagiz Kaan"]
[WhiteElo "2767"]
[BlackElo "2646"]
[Round "2.2.1"]
[Result "1/2-1/2"]

1. d4 {[%clk 01:40:56] [%emt 00:00:02]} d5 {[%clk 01:40:47] [%emt 00:00:15]} 2.
c3 {[%clk 01:41:19] [%emt 00:00:07]} Nf6 {[%clk 01:37:49] [%emt 00:03:28]} 3.
Bg5 {[%clk 01:41:41] [%emt 00:00:08]} c6 {[%clk 01:28:04] [%emt 00:10:16]} 4.
Qc2 {[%clk 01:36:18] [%emt 00:05:52]} Ne4 {[%clk 01:21:20] [%emt 00:07:14]} 5.
Bf4 {[%clk 01:33:53] [%emt 00:02:54]} Bf5 {[%clk 01:14:50] [%emt 00:07:00]} 6.
Qb3 {[%clk 01:29:06] [%emt 00:05:17]} Qb6 {[%clk 01:10:21] [%emt 00:05:00]} 7.
f3 {[%clk 01:26:06] [%emt 00:03:29]} Nd6 {[%clk 01:02:36] [%emt 00:08:15]} 8.
Nd2 {[%clk 01:24:52] [%emt 00:01:44]} Nd7 {[%clk 01:00:29] [%emt 00:02:37]} 9.
g4 {[%clk 01:22:45] [%emt 00:02:34]} Bg6 {[%clk 01:00:03] [%emt 00:00:59]} 10.
h4 {[%clk 01:22:37] [%emt 00:00:38]} h6 {[%clk 00:58:51] [%emt 00:01:43]} 11.
Bg2 {[%clk 01:16:50] [%emt 00:06:16]} e6 {[%clk 00:55:11] [%emt 00:04:10]} 12.
h5 {[%clk 01:06:14] [%emt 00:11:06]} Bh7 {[%clk 00:55:21] [%emt 00:00:20]} 13.
e4 {[%clk 01:06:37] [%emt 00:00:07]} a5 {[%clk 00:41:51] [%emt 00:14:00]} 14.
Qxb6 {[%clk 00:55:46] [%emt 00:11:22]} Nxb6 {[%clk 00:42:18] [%emt 00:00:03]}
15. a4 {[%clk 00:55:30] [%emt 00:00:46]} Nbc4 {[%clk 00:37:51] [%emt 00:04:56]}
16. Nxc4 {[%clk 00:54:44] [%emt 00:01:17]} Nxc4 {[%clk 00:38:14] [%emt
00:00:07]} 17. b3 {[%clk 00:54:46] [%emt 00:00:27]} Nd6 {[%clk 00:37:07] [%emt
00:01:37]} 18. e5 {[%clk 00:53:47] [%emt 00:01:29]} Nc8 {[%clk 00:37:30] [%emt
00:00:07]} 19. Bf1 {[%clk 00:42:17] [%emt 00:11:59]} Kd7 {[%clk 00:26:26] [%emt
00:11:34]} 20. Be3 {[%clk 00:37:17] [%emt 00:05:29]} Kc7 {[%clk 00:20:31] [%emt
00:06:26]} 21. Kd2 {[%clk 00:34:17] [%emt 00:03:30]} Nb6 {[%clk 00:17:26] [%emt
00:03:35]} 22. f4 {[%clk 00:24:35] [%emt 00:10:12]} Nd7 {[%clk 00:12:40] [%emt
00:05:15]} 23. Bd3 {[%clk 00:18:53] [%emt 00:06:13]} Bxd3 {[%clk 00:12:27] [%emt
00:00:43]} 24. Kxd3 {[%clk 00:19:17] [%emt 00:00:06]} b5 {[%clk 00:12:10] [%emt
00:00:46]} 25. f5 {[%clk 00:16:46] [%emt 00:03:01]} bxa4 {[%clk 00:09:40] [%emt
00:03:01]} 26. Rxa4 {[%clk 00:16:35] [%emt 00:00:41]} c5 {[%clk 00:09:08] [%emt
00:01:02]} 27. Ne2 {[%clk 00:15:04] [%emt 00:02:00]} c4+ {[%clk 00:06:15] [%emt
00:03:23]} 28. bxc4 {[%clk 00:15:28] [%emt 00:00:06]} Nb6 {[%clk 00:06:44] [%emt
00:00:01]} 29. Ra2 {[%clk 00:15:43] [%emt 00:00:15]} Nxc4 {[%clk 00:05:05] [%emt
00:02:09]} 30. fxe6 {[%clk 00:13:27] [%emt 00:02:46]} fxe6 {[%clk 00:05:33]
[%emt 00:00:02]} 31. Nf4 {[%clk 00:13:37] [%emt 00:00:20]} Re8 {[%clk 00:01:51]
[%emt 00:04:12]} 32. Bc1 {[%clk 00:12:26] [%emt 00:01:42]} Kc6 {[%clk 00:01:21]
[%emt 00:01:00]} 33. Rf1 {[%clk 00:10:52] [%emt 00:02:03]} Rg8 {[%clk 00:01:34]
[%emt 00:00:17]} 34. Kc2 {[%clk 00:09:34] [%emt 00:01:48]} Be7 {[%clk 00:00:34]
[%emt 00:01:30]} 35. Nxe6 {[%clk 00:09:08] [%emt 00:00:56]} g6 {[%clk 00:00:55]
[%emt 00:00:10]} 36. g5 {[%clk 00:04:15] [%emt 00:05:23]} Kd7 {[%clk 00:00:36]
[%emt 00:00:49]} 37. Nf4 {[%clk 00:04:03] [%emt 00:00:42]} Rgf8 {[%clk 00:00:37]
[%emt 00:00:28]} 38. Rg1 {[%clk 00:03:15] [%emt 00:01:18]} Bxg5 {[%clk 00:00:38]
[%emt 00:00:29]} 39. Nxd5 {[%clk 00:03:13] [%emt 00:00:33]} Kc6 {[%clk
00:01:07]} 40. Bxg5 {[%clk 00:00:38] [%emt 00:03:05]} Kxd5 {[%clk 00:00:56]
[%emt 00:00:42]} 41. Bf6 {[%clk 00:32:13] [%emt 00:18:55]} gxh5 {[%clk 00:46:59]
[%emt 00:04:26]} 42. Rg7 {[%clk 00:30:39] [%emt 00:02:04]} Rxf6 {[%clk 00:42:08]
[%emt 00:05:21]} 43. exf6 {[%clk 00:30:55] [%emt 00:00:14]} Re2+ {[%clk
00:42:37] [%emt 00:00:01]} 44. Kb1 {[%clk 00:30:41] [%emt 00:00:44]} Re1+ {[%clk
00:43:05] [%emt 00:00:02]} 45. Kc2 {[%clk 00:31:06] [%emt 00:00:05]} Re2+ {[%clk
00:43:33] [%emt 00:00:02]} 46. Kb1 {[%clk 00:31:31] [%emt 00:00:05]} Re1+ {[%clk
00:44:00] [%emt 00:00:03]} 1/2-1/2

[Site "Europe Echecs"]

[Event "Grand Swiss "]
[Date "2025.09.05"]
[White "Rodshtein, Maxim"]
[Black "Firouzja, Alireza"]
[WhiteElo "2645"]
[BlackElo "2754"]
[Round "2.2.2"]
[Result "0-1"]

1. d4 {[%clk 01:40:56] [%emt 00:00:03]} d5 {[%clk 01:40:57] [%emt 00:00:04]} 2.
Nf3 {[%clk 01:41:05] [%emt 00:00:21]} Nf6 {[%clk 01:41:22] [%emt 00:00:05]} 3.
c4 {[%clk 01:41:26] [%emt 00:00:09]} c6 {[%clk 01:41:47] [%emt 00:00:05]} 4. g3
{[%clk 01:41:03] [%emt 00:00:54]} Bg4 {[%clk 01:41:43] [%emt 00:00:33]} 5. Ne5
{[%clk 01:38:14] [%emt 00:03:19]} Bf5 {[%clk 01:42:05] [%emt 00:00:07]} 6. Qb3
{[%clk 01:38:16] [%emt 00:00:28]} Qb6 {[%clk 01:39:47] [%emt 00:02:49]} 7. cxd5
{[%clk 01:37:17] [%emt 00:01:29]} Qxb3 {[%clk 01:30:50] [%emt 00:09:27]} 8. axb3
{[%clk 01:37:40] [%emt 00:00:06]} Nxd5 {[%clk 01:31:13] [%emt 00:00:07]} 9. Bd2
{[%clk 01:37:14] [%emt 00:00:56]} e6 {[%clk 01:24:24] [%emt 00:07:19]} 10. Na3
{[%clk 01:13:55] [%emt 00:23:49]} Nb4 {[%clk 01:16:02] [%emt 00:08:51]} 11. Bg2
{[%clk 01:06:39] [%emt 00:07:47]} f6 {[%clk 01:06:46] [%emt 00:09:46]} 12. Nec4
{[%clk 01:04:10] [%emt 00:02:58]} N8a6 {[%clk 01:06:20] [%emt 00:00:56]} 13. O-O
{[%clk 00:59:54] [%emt 00:04:46]} Rd8 {[%clk 01:01:43] [%emt 00:05:08]} 14. Bc3
{[%clk 00:45:06] [%emt 00:15:18]} Be7 {[%clk 00:59:58] [%emt 00:02:15]} 15. e4
{[%clk 00:34:16] [%emt 00:11:20]} Bg6 {[%clk 00:59:15] [%emt 00:01:12]} 16. Ne3
{[%clk 00:34:13] [%emt 00:00:33]} O-O {[%clk 00:53:10] [%emt 00:06:35]} 17. Nac4
{[%clk 00:34:08] [%emt 00:00:35]} Rd7 {[%clk 00:44:36] [%emt 00:09:04]} 18. Rfd1
{[%clk 00:28:07] [%emt 00:06:31]} Rfd8 {[%clk 00:43:04] [%emt 00:02:02]} 19. Na5
{[%clk 00:26:32] [%emt 00:02:05]} Kh8 {[%clk 00:31:24] [%emt 00:12:11]} 20. h4
{[%emt 00:02:29]} h6 {[%clk 00:21:51] [%emt 00:08:38]} 21. Bf3 {[%clk 00:24:21]
[%emt 00:02:07]} Bf7 {[%clk 00:16:24] [%emt 00:05:58]} 22. Bg4 {[%clk 00:19:10]
[%emt 00:05:41]} h5 {[%clk 00:15:58] [%emt 00:00:56]} 23. Bh3 {[%clk 00:15:49]
[%emt 00:03:51]} Kg8 {[%clk 00:10:54] [%emt 00:05:34]} 24. Kh2 {[%clk 00:12:06]
[%emt 00:04:13]} Rb8 {[%clk 00:07:56] [%emt 00:03:28]} 25. f4 {[%clk 00:07:35]}
Rdd8 {[%clk 00:07:40] [%emt 00:05:47]} 26. Ra4 {[%clk 00:05:33]} c5 {[%clk
00:05:17] [%emt 00:05:26]} 27. Bf1 {[%clk 00:03:28]} cxd4 {[%clk 00:04:00] [%emt
00:04:22]} 28. Rxd4 {[%clk 00:03:20]} Rxd4 {[%clk 00:03:28] [%emt 00:01:39]} 29.
Bxd4 {[%clk 00:03:46]} Be8 {[%clk 00:02:34] [%emt 00:01:29]} 30. Ra1 {[%clk
00:03:21]} Nc5 {[%clk 00:02:34] [%emt 00:01:25]} 31. e5 {[%clk 00:02:13] [%emt
00:01:38]} b6 {[%clk 00:02:18] [%emt 00:00:46]} 32. exf6 {[%clk 00:02:30] [%emt
00:00:13]} gxf6 {[%clk 00:02:36] [%emt 00:00:12]} 33. Nac4 {[%clk 00:02:49]
[%emt 00:00:10]} Nc6 {[%clk 00:00:48] [%emt 00:02:19]} 34. Bxc5 {[%clk 00:03:02]
[%emt 00:00:17]} Bxc5 {[%clk 00:01:13] [%emt 00:00:05]} 35. Nc2 {[%clk 00:01:18]
[%emt 00:02:13]} Bg6 {[%clk 00:00:43] [%emt 00:00:59]} 36. b4 {[%clk 00:01:31]
[%emt 00:00:18]} b5 {[%clk 00:00:40] [%emt 00:00:33]} 37. N4a3 {[%clk 00:00:46]
[%emt 00:01:15]} Nxb4 {[%clk 00:00:56] [%emt 00:00:14]} 38. Nxb4 {[%clk
00:01:08] [%emt 00:00:08]} Bxb4 {[%clk 00:01:23] [%emt 00:00:03]} 39. Nxb5
{[%clk 00:01:21] [%emt 00:00:17]} Rd8 {[%clk 00:01:46] [%emt 00:00:07]} 40. Bg2
{[%clk 00:00:35] [%emt 00:01:15]} Rd2 {[%clk 00:01:39] [%emt 00:00:37]} 41. Kh1
{[%clk 00:48:33] [%emt 00:02:33]} a5 {[%clk 00:50:23] [%emt 00:01:45]} 42. Rc1
{[%clk 00:47:37] [%emt 00:01:26]} Rxb2 {[%clk 00:48:49] [%emt 00:02:04]} 43.
Rc8+ {[%clk 00:47:38] [%emt 00:00:29]} Kh7 {[%clk 00:44:18] [%emt 00:05:00]} 44.
Nd4 {[%clk 00:46:15] [%emt 00:01:53]} a4 {[%clk 00:39:05] [%emt 00:05:44]} 45.
f5 {[%clk 00:45:38] [%emt 00:01:07]} exf5 {[%clk 00:33:28] [%emt 00:06:07]} 46.
Rc7+ {[%clk 00:44:23] [%emt 00:01:45]} Kh6 {[%clk 00:32:06] [%emt 00:01:51]} 47.
Bh3 {[%clk 00:43:17] [%emt 00:01:36]} Bd6 {[%clk 00:30:56] [%emt 00:01:40]} 48.
Rc6 {[%clk 00:42:05] [%emt 00:01:42]} Be5 {[%clk 00:23:25] [%emt 00:08:01]} 49.
Nxf5+ {[%clk 00:38:44] [%emt 00:03:51]} Bxf5 {[%clk 00:22:53] [%emt 00:01:03]}
50. Bxf5 {[%clk 00:39:07] [%emt 00:00:07]} a3 {[%clk 00:22:36] [%emt 00:00:47]}
51. Ra6 {[%clk 00:39:32] [%emt 00:00:06]} a2 {[%clk 00:22:40] [%emt 00:00:26]}
0-1

[Site "Europe Echecs"]

[Event "Grand Swiss "]
[Date "2025.09.05"]
[White "Svane, Frederik"]
[Black "Abdusattorov, Nodirbek"]
[WhiteElo "2643"]
[BlackElo "2748"]
[Round "2.2.3"]
[Result "1/2-1/2"]

1. e4 {[%clk 01:40:58]} e5 {[%clk 01:40:36] [%emt 00:00:24]} 2. Nf3 {[%clk
01:41:23] [%emt 00:00:05]} Nc6 {[%clk 01:40:42] [%emt 00:00:25]} 3. Bb5 {[%clk
01:41:45] [%emt 00:00:08]} a6 {[%clk 01:40:34] [%emt 00:00:37]} 4. Ba4 {[%clk
01:42:09] [%emt 00:00:06]} Nf6 {[%clk 01:40:34] [%emt 00:00:30]} 5. d3 {[%clk
01:42:33] [%emt 00:00:07]} d6 {[%clk 01:40:50] [%emt 00:00:14]} 6. c3 {[%clk
01:42:34] [%emt 00:00:28]} Be7 {[%clk 01:40:30] [%emt 00:00:50]} 7. O-O {[%clk
01:42:36] [%emt 00:00:29]} O-O {[%clk 01:40:53] [%emt 00:00:07]} 8. h3 {[%clk
01:39:08] [%emt 00:03:59]} b5 {[%clk 01:39:22] [%emt 00:02:00]} 9. Bc2 {[%clk
01:37:18] [%emt 00:02:20]} d5 {[%clk 01:39:26] [%emt 00:00:26]} 10. Nbd2 {[%clk
01:26:45] [%emt 00:11:04]} dxe4 {[%clk 01:37:06] [%emt 00:02:49]} 11. dxe4
{[%clk 01:25:58] [%emt 00:01:18]} Be6 {[%clk 01:37:30] [%emt 00:00:06]} 12. Ng5
{[%clk 01:23:58] [%emt 00:02:29]} Bd7 {[%clk 01:35:35] [%emt 00:02:24]} 13. Ngf3
{[%clk 01:24:05] [%emt 00:00:24]} Qc8 {[%clk 01:30:30] [%emt 00:05:35]} 14. a4
{[%clk 01:20:56] [%emt 00:03:40]} Rd8 {[%clk 01:28:09] [%emt 00:02:51]} 15. Re1
{[%clk 01:15:16] [%emt 00:06:11]} g6 {[%clk 01:23:14] [%emt 00:05:24]} 16. Qe2
{[%clk 01:09:24] [%emt 00:06:22]} Nh5 {[%clk 01:23:15] [%emt 00:00:29]} 17. Qf1
{[%clk 01:07:56] [%emt 00:01:58]} Nf4 {[%clk 01:20:21] [%emt 00:03:23]} 18. Kh2
{[%clk 00:55:49] [%emt 00:12:36]} Rb8 {[%clk 01:15:50] [%emt 00:05:03]} 19. axb5
{[%clk 00:52:19] [%emt 00:04:00]} axb5 {[%clk 01:16:15] [%emt 00:00:05]} 20. Nb3
{[%clk 00:52:39] [%emt 00:00:10]} Be6 {[%clk 01:08:19] [%emt 00:08:27]} 21. Bxf4
{[%clk 00:52:57] [%emt 00:00:11]} Bc4 {[%clk 01:08:00] [%emt 00:00:48]} 22. Qg1
{[%clk 00:53:22] [%emt 00:00:06]} exf4 {[%clk 01:08:25] [%emt 00:00:05]} 23. e5
{[%clk 00:39:26] [%emt 00:14:26]} b4 {[%clk 01:03:31] [%emt 00:05:25]} 24. Nbd2
{[%clk 00:39:46] [%emt 00:00:10]} Be6 {[%clk 01:03:07] [%emt 00:00:52]} 25. Be4
{[%clk 00:30:45] [%emt 00:09:32]} Qd7 {[%clk 00:36:29] [%emt 00:27:08]} 26. Qf1
{[%clk 00:31:05] [%emt 00:00:09]} bxc3 {[%clk 00:34:18] [%emt 00:02:42]} 27.
bxc3 {[%clk 00:31:30] [%emt 00:00:05]} Bc5 {[%clk 00:32:24] [%emt 00:02:23]} 28.
Rad1 {[%clk 00:26:04] [%emt 00:05:57]} Qe8 {[%clk 00:31:20] [%emt 00:01:34]} 29.
Bc2 {[%clk 00:23:56] [%emt 00:02:38]} Bd5 {[%clk 00:27:05] [%emt 00:04:45]} 30.
Be4 {[%clk 00:24:19] [%emt 00:00:07]} Be6 {[%clk 00:27:03] [%emt 00:00:32]} 31.
Bd3 {[%clk 00:20:31] [%emt 00:04:13]} Qe7 {[%clk 00:18:06] [%emt 00:09:33]} 32.
Bc4 {[%clk 00:08:53] [%emt 00:12:08]} Kg7 {[%clk 00:16:42] [%emt 00:01:53]} 33.
Ne4 {[%clk 00:04:26] [%emt 00:04:57]} Rxd1 {[%clk 00:16:34] [%emt 00:00:39]} 34.
Rxd1 {[%clk 00:04:55] [%emt 00:00:01]} Bf5 {[%clk 00:16:57] [%emt 00:00:07]} 35.
Nxc5 {[%clk 00:02:54] [%emt 00:02:30]} Qxc5 {[%clk 00:17:25] [%emt 00:00:02]}
36. Qe2 {[%clk 00:03:15] [%emt 00:00:08]} Re8 {[%clk 00:09:35] [%emt 00:08:21]}
37. Bb5 {[%clk 00:02:15] [%emt 00:01:31]} Re7 {[%clk 00:06:32] [%emt 00:03:33]}
38. Bxc6 {[%clk 00:02:25] [%emt 00:00:19]} Qxc6 {[%clk 00:07:00] [%emt
00:00:02]} 39. Qd2 {[%clk 00:01:57] [%emt 00:00:55]} Qc5 {[%clk 00:02:41] [%emt
00:04:52]} 40. Qd4 {[%clk 00:00:37] [%emt 00:01:49]} Qxd4 {[%clk 00:02:57] [%emt
00:00:15]} 41. Rxd4 {[%clk 00:00:57] [%emt 00:00:10]} Be6 {[%clk 00:03:02] [%emt
00:00:24]} 42. Rxf4 {[%clk 00:47:42] [%emt 00:03:45]} Bd5 {[%clk 00:53:13] [%emt
00:00:20]} 43. Kg3 {[%clk 00:47:35] [%emt 00:00:37]} Bxf3 {[%clk 00:53:40] [%emt
00:00:03]} 44. Kxf3 {[%clk 00:48:01] [%emt 00:00:04]} Rxe5 {[%clk 00:54:07]
[%emt 00:00:03]} 45. Rc4 {[%clk 00:48:25] [%emt 00:00:06]} c5 {[%clk 00:54:33]
[%emt 00:00:05]} 46. Ra4 {[%clk 00:48:19] [%emt 00:00:36]} h5 {[%clk 00:54:37]
[%emt 00:00:26]} 47. Kf4 {[%clk 00:40:20] [%emt 00:08:25]} Re2 {[%clk 00:54:43]
[%emt 00:00:27]} 48. Kf3 {[%clk 00:40:43] [%emt 00:00:06]} Re5 {[%clk 00:55:12]
[%emt 00:00:03]} 49. Kf4 {[%clk 00:41:08] [%emt 00:00:04]} Re2 {[%clk 00:55:39]
[%emt 00:00:02]} 50. Kf3 {[%clk 00:41:34] [%emt 00:00:04]} Re5 {[%clk 00:56:07]
[%emt 00:00:02]} 1/2-1/2

[Site "Europe Echecs"]

[Event "Grand Swiss "]
[Date "2025.09.05"]
[White "Giri, Anish"]
[Black "Salem, A.R. Saleh"]
[WhiteElo "2746"]
[BlackElo "2640"]
[Round "2.2.4"]
[Result "1/2-1/2"]

1. c4 {[%clk 01:40:57] [%emt 00:00:03]} c5 {[%clk 01:40:48] [%emt 00:00:12]} 2.
Nf3 {[%clk 01:41:09] [%emt 00:00:18]} Nf6 {[%clk 01:41:12] [%emt 00:00:07]} 3.
g3 {[%clk 01:41:14] [%emt 00:00:24]} d5 {[%clk 01:41:00] [%emt 00:00:42]} 4.
cxd5 {[%clk 01:41:20] [%emt 00:00:25]} Nxd5 {[%clk 01:41:23] [%emt 00:00:07]} 5.
Bg2 {[%clk 01:41:46] [%emt 00:00:03]} Nc6 {[%clk 01:41:31] [%emt 00:00:22]} 6.
Nc3 {[%clk 01:41:32] [%emt 00:00:44]} g6 {[%clk 01:41:54] [%emt 00:00:07]} 7.
Qb3 {[%clk 01:41:03] [%emt 00:00:58]} Nb6 {[%clk 01:34:10] [%emt 00:08:15]} 8.
Qb5 {[%clk 01:36:26] [%emt 00:05:07]} Bg7 {[%clk 01:34:10] [%emt 00:00:30]} 9.
Qxc5 {[%clk 01:34:56] [%emt 00:02:00]} Bg4 {[%clk 01:34:17] [%emt 00:00:23]} 10.
O-O {[%clk 01:25:34] [%emt 00:09:51]} Rc8 {[%clk 01:16:00] [%emt 00:18:48]} 11.
Qg5 {[%clk 01:22:11] [%emt 00:03:53]} Qd7 {[%clk 01:01:38] [%emt 00:14:52]} 12.
Qb5 {[%clk 01:09:32] [%emt 00:13:09]} h5 {[%clk 00:57:38] [%emt 00:04:31]} 13.
d4 {[%clk 00:55:16] [%emt 00:14:46]} Bxf3 {[%clk 00:45:52] [%emt 00:12:16]} 14.
Bxf3 {[%clk 00:54:57] [%emt 00:00:49]} Nxd4 {[%clk 00:45:34] [%emt 00:00:49]}
15. Qxd7+ {[%clk 00:55:18] [%emt 00:00:09]} Nxd7 {[%clk 00:45:59] [%emt
00:00:05]} 16. Bxb7 {[%clk 00:54:38] [%emt 00:01:10]} Rb8 {[%clk 00:46:01] [%emt
00:00:27]} 17. Be4 {[%clk 00:43:42] [%emt 00:11:26]} Nc5 {[%clk 00:45:50] [%emt
00:00:42]} 18. e3 {[%clk 00:37:18] [%emt 00:06:53]} Nxe4 {[%clk 00:43:23] [%emt
00:02:58]} 19. exd4 {[%clk 00:37:35] [%emt 00:00:12]} Nd6 {[%clk 00:42:07] [%emt
00:01:46]} 20. Rd1 {[%clk 00:36:30] [%emt 00:01:35]} Nf5 {[%clk 00:41:47] [%emt
00:00:50]} 21. Ne2 {[%clk 00:35:26] [%emt 00:01:34]} Kd7 {[%clk 00:39:51] [%emt
00:02:26]} 22. b3 {[%clk 00:28:25] [%emt 00:07:31]} Rbc8 {[%clk 00:33:36] [%emt
00:06:45]} 23. Kf1 {[%clk 00:16:57] [%emt 00:11:58]} Rc2 {[%clk 00:32:19] [%emt
00:01:47]} 24. Ba3 {[%clk 00:15:40] [%emt 00:01:47]} Bh6 {[%clk 00:19:01] [%emt
00:13:47]} 25. Bc5 {[%clk 00:15:44] [%emt 00:00:26]} a6 {[%clk 00:15:27] [%emt
00:04:04]} 26. b4 {[%clk 00:15:59] [%emt 00:00:16]} Rc8 {[%clk 00:07:42] [%emt
00:08:15]} 27. Rd3 {[%clk 00:15:19] [%emt 00:01:10]} Rc6 {[%clk 00:06:33] [%emt
00:01:40]} 28. d5 {[%clk 00:12:29] [%emt 00:03:19]} Rf6 {[%clk 00:06:19] [%emt
00:00:44]} 29. a3 {[%clk 00:12:47] [%emt 00:00:12]} Nd6 {[%clk 00:05:58] [%emt
00:00:51]} 30. Bxd6 {[%clk 00:07:04] [%emt 00:06:14]} Kxd6 {[%clk 00:06:26]
[%emt 00:00:02]} 31. Rad1 {[%clk 00:07:01] [%emt 00:00:33]} Kd7 {[%clk 00:05:09]
[%emt 00:01:47]} 32. h4 {[%clk 00:04:59] [%emt 00:02:32]} g5 {[%clk 00:04:36]
[%emt 00:01:03]} 33. hxg5 {[%clk 00:05:23] [%emt 00:00:07]} Bxg5 {[%clk
00:05:05]} 34. Rc3 {[%clk 00:05:14] [%emt 00:00:39]} Rb2 {[%clk 00:03:55] [%emt
00:01:40]} 35. Rd4 {[%clk 00:03:55] [%emt 00:01:48]} Rf5 {[%clk 00:02:21] [%emt
00:02:04]} 36. Rcd3 {[%clk 00:04:13] [%emt 00:00:12]} Kd6 {[%clk 00:02:25] [%emt
00:00:27]} 37. Rc4 {[%clk 00:04:11] [%emt 00:00:32]} Rb1+ {[%clk 00:01:50] [%emt
00:01:05]} 38. Kg2 {[%clk 00:04:38] [%emt 00:00:02]} Rb2 {[%clk 00:02:16] [%emt
00:00:04]} 39. Nf4 {[%clk 00:03:02] [%emt 00:02:06]} Bxf4 {[%clk 00:02:45] [%emt
00:00:02]} 40. gxf4 {[%clk 00:03:09] [%emt 00:00:23]} Rxd5 {[%clk 00:01:51]
[%emt 00:01:24]} 41. Rxd5+ {[%clk 00:03:13] [%emt 00:00:26]} Kxd5 {[%clk
00:02:20] [%emt 00:00:02]} 42. Rc5+ {[%clk 00:03:33] [%emt 00:00:09]} Ke4 {[%clk
00:45:51] [%emt 00:06:59]} 43. Rxh5 {[%clk 00:49:57] [%emt 00:04:05]} Kxf4
{[%clk 00:41:35] [%emt 00:04:46]} 44. Rh7 {[%clk 00:48:32] [%emt 00:01:55]} f5
{[%clk 00:40:48] [%emt 00:01:18]} 45. Rxe7 {[%clk 00:48:58] [%emt 00:00:04]} Rb3
{[%clk 00:41:02] [%emt 00:00:15]} 1/2-1/2

[Site "Europe Echecs"]

[Event "Grand Swiss "]
[Date "2025.09.05"]
[White "Puranik, Abhimanyu"]
[Black "Vidit, Santosh Gujrathi"]
[WhiteElo "2640"]
[BlackElo "2712"]
[Round "2.2.5"]
[Result "1/2-1/2"]

1. d4 {[%clk 01:40:53] [%emt 00:00:07]} Nf6 {[%clk 01:40:11] [%emt 00:00:49]} 2.
c4 {[%clk 01:41:18] [%emt 00:00:06]} e6 {[%clk 01:40:25] [%emt 00:00:15]} 3. Nf3
{[%clk 01:41:25] [%emt 00:00:22]} d5 {[%clk 01:40:38] [%emt 00:00:17]} 4. g3
{[%clk 01:41:39] [%emt 00:00:17]} Be7 {[%clk 01:39:55] [%emt 00:01:13]} 5. Bg2
{[%clk 01:41:29] [%emt 00:00:41]} O-O {[%clk 01:40:07] [%emt 00:00:18]} 6. Nc3
{[%clk 01:41:10] [%emt 00:00:49]} Nbd7 {[%clk 01:36:46] [%emt 00:03:50]} 7. b3
{[%clk 01:40:55] [%emt 00:00:46]} dxc4 {[%clk 01:12:57] [%emt 00:24:18]} 8. bxc4
{[%clk 01:40:48] [%emt 00:00:37]} c5 {[%clk 01:13:09] [%emt 00:00:18]} 9. O-O
{[%clk 01:36:57] [%emt 00:04:21]} cxd4 {[%clk 01:07:26] [%emt 00:06:13]} 10.
Qxd4 {[%clk 01:33:53] [%emt 00:03:34]} Nb6 {[%clk 01:03:47] [%emt 00:04:09]} 11.
Qf4 {[%clk 01:25:37] [%emt 00:08:46]} Bd7 {[%clk 00:55:38] [%emt 00:08:39]} 12.
Rd1 {[%clk 01:19:47] [%emt 00:06:20]} Rc8 {[%clk 00:52:33] [%emt 00:03:36]} 13.
Ne5 {[%clk 01:18:56] [%emt 00:01:20]} Qc7 {[%clk 00:52:30] [%emt 00:00:33]} 14.
Nxd7 {[%clk 01:16:17] [%emt 00:03:10]} Nbxd7 {[%clk 00:49:39] [%emt 00:03:20]}
15. Nb5 {[%clk 01:12:58] [%emt 00:03:50]} Qxf4 {[%clk 00:45:13] [%emt 00:04:56]}
16. Bxf4 {[%clk 01:13:16] [%emt 00:00:12]} Rxc4 {[%clk 00:45:28] [%emt
00:00:15]} 17. Bxb7 {[%clk 01:11:59] [%emt 00:01:47]} Nc5 {[%clk 00:32:05] [%emt
00:13:53]} 18. Bf3 {[%clk 01:08:17] [%emt 00:04:12]} Ra4 {[%clk 00:31:35] [%emt
00:01:00]} 19. Be3 {[%clk 00:52:41] [%emt 00:16:05]} a6 {[%clk 00:22:07] [%emt
00:09:58]} 20. Na7 {[%clk 00:47:06] [%emt 00:06:06]} Nce4 {[%clk 00:22:16] [%emt
00:00:21]} 21. Rac1 {[%clk 00:42:17] [%emt 00:05:19]} Nd5 {[%clk 00:10:21] [%emt
00:12:25]} 22. Rd4 {[%clk 00:42:09] [%emt 00:00:38]} Rxd4 {[%clk 00:10:17] [%emt
00:00:34]} 23. Bxd4 {[%clk 00:42:34] [%emt 00:00:04]} f5 {[%clk 00:10:29] [%emt
00:00:18]} 24. Rc6 {[%clk 00:35:04] [%emt 00:08:00]} Kf7 {[%clk 00:10:49] [%emt
00:00:10]} 25. Bxe4 {[%clk 00:20:44] [%emt 00:14:50]} fxe4 {[%clk 00:11:18]
[%emt 00:00:01]} 26. Rxa6 {[%clk 00:15:35] [%emt 00:05:39]} Ra8 {[%clk 00:11:28]
[%emt 00:00:19]} 27. Ra5 {[%clk 00:15:46] [%emt 00:00:19]} Bf6 {[%clk 00:09:46]
[%emt 00:02:12]} 28. Bxf6 {[%clk 00:15:08] [%emt 00:01:08]} gxf6 {[%clk
00:07:09] [%emt 00:03:07]} 29. e3 {[%clk 00:13:30] [%emt 00:02:08]} Nc3 {[%clk
00:05:55] [%emt 00:01:45]} 30. Kg2 {[%clk 00:09:46] [%emt 00:04:14]} f5 {[%clk
00:05:19] [%emt 00:01:06]} 31. h3 {[%clk 00:07:48] [%emt 00:02:28]} h5 {[%clk
00:05:13] [%emt 00:00:36]} 32. g4 {[%clk 00:07:17] [%emt 00:01:01]} hxg4 {[%clk
00:04:26] [%emt 00:01:17]} 33. hxg4 {[%clk 00:07:44] [%emt 00:00:03]} fxg4
{[%clk 00:03:35] [%emt 00:01:21]} 34. a3 {[%clk 00:06:36] [%emt 00:01:38]} Nb1
{[%clk 00:01:50] [%emt 00:02:15]} 35. Kg3 {[%clk 00:06:58] [%emt 00:00:08]} Kf6
{[%clk 00:01:54] [%emt 00:00:26]} 36. Nc6 {[%clk 00:01:08] [%emt 00:06:21]} Rxa5
{[%clk 00:02:09] [%emt 00:00:15]} 37. Nxa5 {[%clk 00:01:34] [%emt 00:00:04]}
Nxa3 {[%clk 00:02:35] [%emt 00:00:04]} 38. Kxg4 {[%clk 00:01:41] [%emt
00:00:23]} 1/2-1/2

[Site "Europe Echecs"]